Statistics for Most Populated Countries Bordering the Indian Ocean

Click here to take the quiz!

General Stats

  • This quiz has been taken 25,258 times
  • The average score is 8 of 10

Answer Stats

PopulationCountry% Correct
1,322,280,000India
100%
261,890,900Indonesia
92%
209,167,000Pakistan
92%
163,269,000Bangladesh
89%
69,037,513Thailand
86%
80,488,800Iran
80%
53,370,609Myanmar
79%
56,521,900South Africa
62%
57,310,000Tanzania
60%
95,877,600Egypt
55%

Score Distribution

Percentile by Number Answered

Percent of People with Each Score

Your Score History

You have not taken this quiz